[Event "POR Cup 38th"]
[Site "Portugal"]
[Date "2016.05.01"]
[Round "4.2"]
[White "Sousa, Andre Ventura"]
[Black "Minakov, Yaroslav"]
[Result "1-0"]
[WhiteElo "2409"]
[BlackElo "1940"]
[PlyCount "71"]
[EventDate "2016.02.20"]
[EventType "team-k.o."]
[EventRounds "6"]
[EventCountry "POR"]
[SourceTitle "EXT 2017"]
[Source "ChessBase"]
[SourceDate "2016.10.25"]
[SourceVersion "1"]
[SourceVersionDate "2016.10.25"]
[SourceQuality "1"]
[WhiteTeam "Dias Ferreira"]
[BlackTeam "Braga"]
[WhiteTeamCountry "POR"]
[BlackTeamCountry "POR"]

1. e4 c5 2. Nf3 e6 3. d4 cxd4 4. Nxd4 a6 5. c4 Qc7 6. Nc3 Nf6 7. a3 Be7 8. Be2 0-0 9. 0-0 Rd8 10. Be3 d6 11. Qd2 Nbd7 12. Rfc1 Nc5 13. Qc2 e5 14. Nb3 b6 15. Nd5 Nxd5 16. cxd5 Qb8 17. Nd2 Bd7 18. b4 Na4 19. Qc7 Kf8 20. Bd1 Ra7 21. Qxb8 Rxb8 22. Rc2 Ke8 23. Rac1 a5 24. Rc7 Rbb7 25. Rxd7 Kxd7 26. Bxa4+ Kd8 27. Bc6 Rb8 28. Nc4 axb4 29. axb4 Kc7 30. Bb5 Ra2 31. Nxe5+ Kb7 32. Bc6+ Ka6 33. b5+ Ka5 34. Nc4+ Ka4 35. Nxb6+ Kb3 36. Nd7 1-0

[Event "POR Cup 38th"]
[Site "Portugal"]
[Date "2016.04.30"]
[Round "3.1"]
[White "Sa, Claudio Simao Carva"]
[Black "Minakov, Yaroslav"]
[Result "1/2-1/2"]
[WhiteElo "1759"]
[BlackElo "1940"]
[PlyCount "106"]
[EventDate "2016.02.20"]
[EventType "team-k.o."]
[EventRounds "6"]
[EventCountry "POR"]
[SourceTitle "EXT 2017"]
[Source "ChessBase"]
[SourceDate "2016.10.25"]
[SourceVersion "1"]
[SourceVersionDate "2016.10.25"]
[SourceQuality "1"]
[WhiteTeam "Madeira Sao Joao"]
[BlackTeam "Braga"]
[WhiteTeamCountry "POR"]
[BlackTeamCountry "POR"]

1. e4 c5 2. Nc3 e6 3. f4 Nc6 4. Nf3 a6 5. d3 d6 6. g3 g6 7. Bh3 Bg7 8. 0-0 Nge7 9. Ne2 0-0 10. c3 e5 11. Bg2 h6 12. Be3 f5 13. fxe5 dxe5 14. Bxc5 Qa5 15. b4 Qc7 16. Nh4 Be6 17. exf5 gxf5 18. Bxc6 bxc6 19. d4 Rad8 20. Qc2 e4 21. Nf4 Bc4 22. Bxe7 Qxe7 23. Nfg6 Qg5 24. Nxf8 Rxf8 25. Rf4 Rf6 26. Qf2 Be6 27. Qe2 Bf8 28. Ng2 Bd6 29. Rh4 f4 30. gxf4 Rxf4 31. Rxf4 Bxf4 32. Rf1 Bd6 33. Qxe4 Bd5 34. Qe2 Qg6 35. c4 Be4 36. c5 Bd3 37. Qf2 Bxf1 38. Qxf1 Be7 39. Qxa6 Qb1+ 40. Kf2 Qxb4 41. Qc8+ Kf7 42. Qf5+ Kg7 43. Qg4+ Kf7 44. Qf3+ Bf6 45. Qh5+ Ke7 46. Qxh6 Bxd4+ 47. Ne3 Qxc5 48. Qh7+ Ke6 49. Qg8+ Ke5 50. Qg5+ Ke4 51. Qg4+ Kd3 52. Qe2+ Ke4 53. Qg4+ Kd3 1/2-1/2